000 00612nam a2200193 4500
005 20260307144809.0
008 251216b |||||||| |||| 00| 0 eng d
020 _a978-93-6616-168-6
041 _aEng.
082 _26th ed. 2025
_aPS 610.7365 SRE
_bSRE
100 _aSreevani R
245 _aA Guide to Mental Health Psychiatric Nursing
_bfor BSC Nursing sem V and VI
250 _a6th ed. 2025
260 _aNew Delhi
_bJaypee Brothers
_c2025
300 _axxxiv,553p.
_bpb
_c24x17cm
365 _aRupaye
_b795
_cINR
521 _aA Guide to mental Health Psychiatric Nursing for BSC Nursing
942 _cBB
999 _c369381
_d369381